<?xml version="1.0" encoding="UTF-8"?>
<record
    xmlns:xsi="http://www.w3.org/2001/XMLSchema-instance"
    xsi:schemaLocation="http://www.loc.gov/MARC21/slim http://www.loc.gov/standards/marcxml/schema/MARC21slim.xsd"
    xmlns="http://www.loc.gov/MARC21/slim">

  <leader>01526nab a22002657a 4500</leader>
  <datafield tag="999" ind1=" " ind2=" ">
    <subfield code="c">8627</subfield>
    <subfield code="d">8627</subfield>
  </datafield>
  <controlfield tag="003">AR-RoUNA</controlfield>
  <datafield tag="040" ind1=" " ind2=" ">
    <subfield code="a">AR-RoUNA</subfield>
    <subfield code="b">spa</subfield>
  </datafield>
  <datafield tag="041" ind1=" " ind2=" ">
    <subfield code="a">spa</subfield>
    <subfield code="h">spa</subfield>
  </datafield>
  <datafield tag="044" ind1=" " ind2=" ">
    <subfield code="a">ag</subfield>
  </datafield>
  <datafield tag="110" ind1="1" ind2=" ">
    <subfield code="b">Universidad del Zulia. Venezuela</subfield>
    <subfield code="9">28</subfield>
    <subfield code="a">Facultad de Arquitectura y Dise&#xF1;o</subfield>
  </datafield>
  <datafield tag="245" ind1="1" ind2=" ">
    <subfield code="a">Portafolio :</subfield>
    <subfield code="b">Revista Arbitrada por la Facultad de Arquitectura y Dise&#xF1;o. Universidad del Zulia</subfield>
    <subfield code="h">N&#xBA; 23</subfield>
  </datafield>
  <datafield tag="260" ind1=" " ind2=" ">
    <subfield code="a">Venezuela, Universidad del Zulia :</subfield>
    <subfield code="b">Francisco Mustieles,</subfield>
    <subfield code="c">2000</subfield>
  </datafield>
  <datafield tag="300" ind1=" " ind2=" ">
    <subfield code="a">77 p. :</subfield>
    <subfield code="b">dib.</subfield>
    <subfield code="b">fot. byn.</subfield>
    <subfield code="b">plantas</subfield>
    <subfield code="c">27x21 cm</subfield>
  </datafield>
  <datafield tag="505" ind1=" " ind2=" ">
    <subfield code="a">Hugo Rincon / EDITORIAL. p.4-5</subfield>
    <subfield code="t">Lesvia Perez, Carolina Faria, Maryelvira Montiel, Joanna Medina, Rafael Segovia / Indicadores y Descriptores de la Creatividad como Competencia en la Formacion del Arquitecto. p.6-17</subfield>
    <subfield code="t">Nurys Zambrano / Estrategia Didactica del Dise&#xF1;o Grafico para organizar Wficazmente el Mensaje Visual en lod Medios. p.18-31</subfield>
    <subfield code="t">Dobrila Djukich, Sunilda Zabala, Maria Ines Mendoza / El Anuncio en el Paisaje Tipografico Urbano. p.32-41</subfield>
    <subfield code="t">Leriz Camacaro, Martza Rodriguez, Nelly Caldera, Janet Cestary / Perfil del Visitante de Negocios y/o Motivos Profesionales en Maracaibo. Segmento a Partir del Estudio Sobre la Demanda Turistica. p.42-5355</subfield>
  </datafield>
  <datafield tag="650" ind1=" " ind2=" ">
    <subfield code="2">Arquitectura</subfield>
  </datafield>
  <datafield tag="650" ind1=" " ind2=" ">
    <subfield code="2">Arte</subfield>
  </datafield>
  <datafield tag="650" ind1=" " ind2=" ">
    <subfield code="2">Dise&#xF1;o Grafico</subfield>
  </datafield>
  <datafield tag="650" ind1=" " ind2=" ">
    <subfield code="2">Turismo</subfield>
  </datafield>
  <datafield tag="773" ind1="0" ind2=" ">
    <subfield code="a">PortaFolio</subfield>
    <subfield code="d">Venezuela, Universidad del Zulia, 2000</subfield>
    <subfield code="g">vol 1 N&#xBA; 23 (ene-jun 2011) p.77</subfield>
    <subfield code="x">1317-2085</subfield>
  </datafield>
  <datafield tag="856" ind1=" " ind2=" ">
    <subfield code="u">www.fad.luz.edu.ve/portafolio/</subfield>
  </datafield>
  <datafield tag="908" ind1=" " ind2=" ">
    <subfield code="a">Imp</subfield>
  </datafield>
  <datafield tag="942" ind1=" " ind2=" ">
    <subfield code="2">udc</subfield>
    <subfield code="c">ART</subfield>
  </datafield>
  <datafield tag="945" ind1=" " ind2=" ">
    <subfield code="a">ZBK</subfield>
  </datafield>
  <datafield tag="952" ind1=" " ind2=" ">
    <subfield code="0">0</subfield>
    <subfield code="1">0</subfield>
    <subfield code="2">udc</subfield>
    <subfield code="4">0</subfield>
    <subfield code="5">1</subfield>
    <subfield code="7">0</subfield>
    <subfield code="a">AR-RoUNA</subfield>
    <subfield code="b">AR-RoUNA</subfield>
    <subfield code="c">Heme</subfield>
    <subfield code="d">2018-07-27</subfield>
    <subfield code="e">Int</subfield>
    <subfield code="l">0</subfield>
    <subfield code="p">1000751</subfield>
    <subfield code="r">2018-07-27</subfield>
    <subfield code="t">ej. 1</subfield>
    <subfield code="w">2018-07-27</subfield>
    <subfield code="y">ART</subfield>
    <subfield code="k">241</subfield>
  </datafield>
</record>
